| 000 | 01451nam a2200313Ia 4500 | ||
|---|---|---|---|
| 003 | OSt | ||
| 005 | 20210715160920.0 | ||
| 008 | 130821s1996 mx a gr spa | ||
| 020 | _a968880679X | ||
| 040 |
_aCo-BoUCM _bspa _cCO-JMCR |
||
| 041 | 0 | 0 | _aspa |
| 082 | 0 | 4 |
_a332.0414 / _bF121m _223 |
| 100 | 1 |
_aFabozzi, Frank J. _eautor _95903 |
|
| 245 | 1 | 0 |
_aMercados e instituciones financieras / _cFrank J. Fabozzi, Franco Modigliani, Michale G. Ferri ; traducción : Margarita Gómez Escudero, |
| 260 |
_aMéxico D.F. : _bPrentice-Hall, _c1996 |
||
| 300 |
_a697 páginas _bilustraciones y gráficas en blanco y negro ; _c26 cm. |
||
| 500 | _aIncluye índices. | ||
| 505 | 0 | _aInstituciones depositarias. -- Intermediarios financieros no bancarios. -- Factores determinantes de los precios de activos y tasas de interés. -- Organización y estructura de mercados. -- Mercados para las deudas gubernamentales. -- Mercados de valores corporativos. -- Hipotecas y mercados de activos asegurados. -- Mercados de instrumentos derivados. -- | |
| 650 | 1 | 4 |
_aBolsa de valores _910183 |
| 650 | 2 | 4 |
_aCompras de seguros _911239 |
| 650 | 2 | 4 |
_aFinanzas _97628 |
| 650 | 2 | 4 |
_aInstituciones financieras _917761 |
| 650 | 2 | 4 |
_aPolítica monetaria _922001 |
| 650 | 2 | 4 |
_aSeguros _98084 |
| 700 | 1 |
_aFerri, Michael G., _eautor _938511 |
|
| 700 | 1 |
_aModigliani, Franco _eautor _938512 |
|
| 700 | 1 |
_aGómez Escudero, Margarita, _etraductor _938513 |
|
| 942 |
_cBK _2ddc |
||
| 999 |
_c11925 _d11925 |
||